Meilleurs buteurs de clubs européens - Statistiques

Statistiques générales
  • Ce quiz a été pris 4 072 fois
    1 863 depuis la dernière actualisation
  • Le résultat moyen est 12 sur 25
Statistiques - réponses
Club Nombre de buts Nom du joueur % Correct
Real Madrid 450 Cristiano Ronaldo
98%
FC Barcelone 672 Lionel Messi
96%
PSG 256 Kylian Mbappé
92%
Atletico Madrid 198* Antoine Griezmann
84%
Bayern Münich 564 Gerd Müller
82%
Tottenham 280 Harry Kane
82%
Manchester City 260 Sergio Agüero
78%
Arsenal 228 Thierry Henry
78%
Manchester United 253 Wayne Rooney
72%
AS Rome 307 Francesco Totti
67%
Lazio Rome 203 Ciro Immobile
59%
Ajax Amsterdam 293 Johan Cruyff
57%
Juventus Turin 290 Alessandro del Piero
52%
Chelsea 211 Frank Lampard
52%
Benfica Lisbonne 473 Eusebio
51%
Napoli 148 Dries Mertens
32%
Liverpool 340 Ian Rush
20%
Inter Milan 284 Giuseppe Meazza
17%
Girondins de Bordeaux 181 Alain Giresse
12%
Milan AC 221 Gunnar Nordahl
4%
Dynamo Kiev 266 Oleg Blokhine
4%
FC Porto 355 Fernando Gomes
3%
Hambourg SV 485 Uwe Seeler
3%
Borussia Dortmund 177 Alfred Preissler
2%
PSV Eindhoven 394 Willy van der Kuijlen
1%
Aucun quiz correspondant
Distribution des résultats
% des personnes avec chaque résultat
Percentile par nombre de réponses
Votre historique - résultats
Vous n’avez pas pris ce quiz depuis la dernière actualisation